000 00728cam a2200241 4500
001 ABS61889
008 000000n2000 000 0 eng u
035 _a(Sirsi) u104298
100 _aPearson, A.
245 _aAs green as it gets
260 _c2000
490 _aBuilding
_v265(8122) 4 February 2000 40-41(2)
520 _aDescribes the Millennium Park Visitor Centre, near Leicester, and the various sustainable energies which have been utilised in its design.
590 _aABS
650 _aRENEWABLE ENERGY
650 _aTHERMAL INSULATION
650 _aHEATING
650 _aLIGHTING
650 _aWATER SUPPLY
650 _aELECTRICITY
690 _aBUILDING AND CONSTRUCTION-SUSTAINABLE
942 _n0
999 _c62577
_d62577